Derecho transitorio y filiación por técnicas de reproducción humana asistida (Registro nro. 31638)

Detalles MARC
000 -LEADER
fixed length control field 00365 a2200109 4500
001 - CONTROL NUMBER
control field ART_39977
005 - DATE AND TIME OF LATEST TRANSACTION
control field 20260410162005.0
008 - FIXED-LENGTH DATA ELEMENTS--GENERAL INFORMATION
fixed length control field 260409a
100 1# - MAIN ENTRY--PERSONAL NAME
Personal name Herrera, Marisa
245 10 - TITLE STATEMENT
Title Derecho transitorio y filiación por técnicas de reproducción humana asistida
773 0# - HOST ITEM ENTRY
Title Temas de derecho civil
Related parts - Año 2, Nº 8 (ago. 2016)
Record control number REV34778

No hay ítems disponibles.